| 000 | 00492nam a2200157 4500 | ||
|---|---|---|---|
| 999 |
_c511707 _d511707 |
||
| 008 | 191004b ||||| |||| 00| 0 eng d | ||
| 100 |
_aKhera, Kishore Kumar _911872 |
||
| 245 | _aKargil to Balakot: The Tumultuous Journey of Indian air power | ||
| 260 | _bJournal of Defence Studies | ||
| 300 | _a13(3), Jul-Sep, 2019: p.87-113. | ||
| 650 |
_aKargil conflict _911873 |
||
| 650 |
_aAir warfare _911874 |
||
| 773 | _aJournal of Defence Studies | ||
| 906 | _aKargil war | ||
| 942 |
_2ddc _cAR |
||